00328nam a2200133Ia 4500008004100000041000800041082001800049100001600067245004000083260001600123300000800139365001600147700003100163230718s9999 xx 000 0 und d aeng a610.69'6bKAM aKameth M.V. aVntold Stories Doctors And Patients c1993bUbspd a262 cRs.b125.00 aKameth M.V. & Karmarkar R.